00671nam a2200217Ia 4500003000900000008004100009040001300050040001300063041000800076100001900084245006700103250000900170260002100179260000900200300000800209490000800217490000700225942000700232999001700239952019700256IT-RoPAU120407s9999 xx 000 0 und d aIT-RoPAU cIT-RoPAU aita aGiosuè€ Borsi aLe cose migliori di Giosuè€ Borsi. A cura di Gennaro Auletta. aRoma aEdizioni Paoline c1959 c cm aDds v24 cBK c15466d15466 00102ddc406208_25240000000000071aPAULUSbPAULUSd2012-04-11l0o208.2524r2012-04-11 00:00:00w2012-04-11yBKzInserito da: Jole In data: 11 luglio 2011 fondo: Via A.Severo 56 Progr:23043